[Event "Sunway Formentera op 4th"]
[Site "Sant Ferran de ses Roques"]
[Date "2025.05.07"]
[Round "8"]
[White "Pimpalkhare, Vedant"]
[Black "Lopez Martinez, Josep Manuel"]
[Result "0-1"]
[WhiteElo "2199"]
[BlackElo "2460"]
[PlyCount "122"]
[EventDate "2025.04.29"]
[EventType "swiss"]
[EventRounds "10"]
[EventCountry "ESP"]
[SourceTitle "CB20_2025"]
[SourceDate "2025.05.14"]
[SourceVersion "1"]
[SourceVersionDate "2025.05.14"]
[SourceQuality "1"]

1. Nf3 c5 2. c4 Nf6 3. Nc3 e6 4. e3 d5 5. d4 cxd4 6. exd4 Bb4 7. cxd5 Nxd5 8. Bd2 Nc6 9. Bd3 Nf6 10. 0-0 0-0 11. Bg5 h6 12. Bh4 Be7 13. Rc1 Nh5 14. Bxe7 Nxe7 15. Ne5 Nf6 16. Bb1 Bd7 17. Qd3 Bc6 18. Rfd1 Rc8 19. Ng4 Ng6 20. Nxf6+ Qxf6 21. d5 Rcd8 22. Qc4 exd5 23. Nxd5 Qxb2 24. Nb4 Ne5 25. Qf4 a5 26. Nxc6 Nxc6 27. h4 Rfe8 28. Bd3 Qe5 29. Qf3 Qe7 30. Bb5 Rxd1+ 31. Rxd1 Rd8 32. Rxd8+ Nxd8 33. g3 Ne6 34. Qd5 Qc7 35. a4 Kf8 36. Bd7 Ke7 37. Bb5 b6 38. Kf1 g5 39. hxg5 hxg5 40. Kg1 Qd6 41. Qa8 Qd8 42. Qb7+ Kf6 43. Qf3+ Kg7 44. Qb7 Qc7 45. Qd5 Qc5 46. Qb7 Qd6 47. Be8 Qc7 48. Qe4 Qd8 49. Bb5 Qf6 50. Qb7 Nc5 51. Qd5 Qe7 52. Bc6 Kg6 53. Kf1 Qe6 54. Qf3 g4 55. Qg2 Nxa4 56. Bd5 Qe5 57. Kg1 Nc3 58. Bc4 Qe1+ 59. Kh2 Ne4 60. Bd3 f5 61. Bxe4 fxe4 0-1

[Event "Sunway Formentera op 4th"]
[Site "Sant Ferran de ses Roques"]
[Date "2025.04.30"]
[Round "2"]
[White "Pimpalkhare, Vedant"]
[Black "Fedorchuk, Sergey A"]
[Result "0-1"]
[WhiteElo "2199"]
[BlackElo "2563"]
[PlyCount "76"]
[EventDate "2025.04.29"]
[EventType "swiss"]
[EventRounds "10"]
[EventCountry "ESP"]
[SourceTitle "CB20_2025"]
[SourceDate "2025.05.14"]
[SourceVersion "1"]
[SourceVersionDate "2025.05.14"]
[SourceQuality "1"]

1. d4 Nf6 2. Nf3 e6 3. e3 b6 4. Bd3 Bb7 5. 0-0 Be7 6. c4 0-0 7. Nc3 d5 8. cxd5 exd5 9. b3 a6 10. Bb2 Re8 11. Rc1 Bd6 12. Ne2 Nbd7 13. Ng3 g6 14. Qc2 Rc8 15. Qe2 h5 16. Rfd1 Qe7 17. Nf1 Ne4 18. Rc2 Ra8 19. Rdc1 c6 20. N3d2 Ndf6 21. f3 Ng5 22. Qf2 Ne6 23. Ng3 Rad8 24. Ndf1 Qd7 25. Ne2 Bf8 26. Re1 Bg7 27. h3 Ng5 28. Qh4 Nfh7 29. Qf2 Qe7 30. Nf4 Qd6 31. Kh1 Re7 32. g4 hxg4 33. hxg4 c5 34. dxc5 bxc5 35. Bxg7 Kxg7 36. Ng2 Nf6 37. Nh2 Rh8 38. Nf4 d4 0-1

[Event "Sunway Formentera op 4th"]
[Site "Sant Ferran de ses Roques"]
[Date "2025.04.29"]
[Round "1"]
[White "Pimpalkhare, Vedant"]
[Black "Al Ibrahim, Abdulrahman"]
[Result "1-0"]
[WhiteElo "2199"]
[BlackElo "1974"]
[PlyCount "71"]
[EventDate "2025.04.29"]
[EventType "swiss"]
[EventRounds "10"]
[EventCountry "ESP"]
[SourceTitle "CB20_2025"]
[SourceDate "2025.05.14"]
[SourceVersion "1"]
[SourceVersionDate "2025.05.14"]
[SourceQuality "1"]

1. Nf3 d5 2. g3 c5 3. Bg2 Nc6 4. 0-0 e5 5. d3 Be7 6. Nbd2 Be6 7. a3 h5 8. c4 h4 9. cxd5 Bxd5 10. Qa4 Qd7 11. Nxe5 Nxe5 12. Qxd7+ Kxd7 13. Bxd5 Rb8 14. Nc4 f6 15. Rd1 b5 16. Ne3 Nc6 17. Nc2 hxg3 18. hxg3 Bd6 19. b4 cxb4 20. axb4 Nge7 21. Bg2 Rbc8 22. Be3 Rc7 23. Rdb1 Nc8 24. Bxc6+ Rxc6 25. Nd4 Rb6 26. Nf5 Rb7 27. Nxd6 Kxd6 28. Ra6+ Kd7 29. Rba1 Re8 30. Kf1 Rh8 31. Kg2 Re8 32. Kf3 Re6 33. R6a5 Rc6 34. Bxa7 Nxa7 35. Rxa7 Kc7 36. R1a5 1-0

[Event "Sant Adria de Besos op 6th"]
[Site "Sant Adria de Besos"]
[Date "2024.08.19"]
[Round "9"]
[White "Pimpalkhare, Vedant"]
[Black "Vaibhav, Jayant Raut"]
[Result "0-1"]
[WhiteElo "2191"]
[BlackElo "2101"]
[PlyCount "63"]
[EventDate "2024.08.11"]
[EventType "swiss"]
[EventRounds "9"]
[EventCountry "ESP"]
[SourceTitle "EXT 2025"]
[Source "ChessBase"]
[SourceDate "2024.10.14"]
[SourceVersion "1"]
[SourceVersionDate "2024.10.14"]
[SourceQuality "1"]

1. Nf3 Nf6 2. c4 e6 3. Nc3 Bb4 4. d4 0-0 5. Bg5 h6 6. Bd2 d6 7. Qc2 Nc6 8. 0-0-0 Qe7 9. g4 Bxc3 10. Bxc3 Nxg4 11. Rg1 Nxf2 12. d5 e5 13. dxc6 Nxd1 14. cxb7 Bxb7 15. Qxd1 Qe6 16. Qe1 f5 17. Qg3 g5 18. Nxg5 hxg5 19. Qxg5+ Kf7 20. Qg7+ Ke8 21. Qxc7 Qd7 22. Qa5 Kf7 23. Bh3 Rg8 24. Rd1 Qe7 25. Bxf5 Qg5+ 26. Bd2 Qxf5 27. Qc7+ Ke8 28. Qxb7 Rc8 29. Bc3 Qf4+ 30. Kb1 Qxc4 31. a3 Rc7 32. Qf3 0-1

[Event "Sant Adria de Besos op 6th"]
[Site "Sant Adria de Besos"]
[Date "2024.08.11"]
[Round "1"]
[White "Rex, Torsten Claus"]
[Black "Pimpalkhare, Vedant"]
[Result "0-1"]
[WhiteElo "1948"]
[BlackElo "2191"]
[PlyCount "112"]
[EventDate "2024.08.11"]
[EventType "swiss"]
[EventRounds "9"]
[EventCountry "ESP"]
[SourceTitle "EXT 2025"]
[Source "ChessBase"]
[SourceDate "2024.10.14"]
[SourceVersion "1"]
[SourceVersionDate "2024.10.14"]
[SourceQuality "1"]

1. Nf3 d5 2. g3 Nf6 3. Bg2 e6 4. 0-0 Be7 5. c4 0-0 6. cxd5 exd5 7. d4 c6 8. Nc3 Bf5 9. Bg5 h6 10. Bxf6 Bxf6 11. Qd2 Nd7 12. Rfe1 Re8 13. e3 Nb6 14. b3 a5 15. Qb2 Be7 16. Rad1 Bb4 17. a3 Bd6 18. Nd2 Qe7 19. a4 Bb4 20. h3 Rad8 21. Qa1 Nc8 22. e4 dxe4 23. Ndxe4 Qf8 24. Re2 Nb6 25. Na2 Nd5 26. Nxb4 Qxb4 27. Rde1 Bxe4 28. Bxe4 Nf6 29. Bc2 Rxe2 30. Rxe2 Qxd4 31. Qe1 Qb4 32. Qc1 Re8 33. Rxe8+ Nxe8 34. Qe3 Kf8 35. Qe5 Qd2 36. Be4 Qd1+ 37. Kg2 Qd8 38. Qc3 Qb6 39. Qe5 Qc7 40. Qc3 Nf6 41. Bf3 Nd7 42. h4 Qe5 43. Qd2 Ke7 44. b4 axb4 45. Qxb4+ Nc5 46. a5 Qd6 47. Qb6 g6 48. Qa7 Kf8 49. Qa8+ Kg7 50. Qa7 Qd4 51. Qb6 g5 52. hxg5 hxg5 53. g4 Ne6 54. Qb3 Nf4+ 55. Kg3 Nd3 56. Qa2 Qf4+ 0-1

[Event "Barcelona Sant Marti op-A 24th"]
[Site "Barcelona"]
[Date "2024.07.21"]
[Round "9"]
[White "Pimpalkhare, Vedant"]
[Black "Vedant, Nitin Vekhande"]
[Result "1-0"]
[WhiteElo "2254"]
[BlackElo "2054"]
[PlyCount "121"]
[EventDate "2024.07.13"]
[EventType "swiss"]
[EventRounds "9"]
[EventCountry "ESP"]
[SourceTitle "CBM 221 Extra"]
[Source "ChessBase"]
[SourceDate "2024.09.30"]
[SourceVersion "1"]
[SourceVersionDate "2024.09.30"]
[SourceQuality "1"]

1. Nf3 Nf6 2. c4 e6 3. g3 d5 4. Bg2 c5 5. cxd5 exd5 6. d4 Nc6 7. Nc3 h6 8. 0-0 a6 9. b3 Be7 10. dxc5 Bxc5 11. Bb2 0-0 12. Rc1 Ba7 13. Na4 Ne4 14. Ne5 Nxe5 15. Bxe5 b5 16. Nc3 Bb7 17. Bd4 Bb8 18. Qc2 Re8 19. Rfd1 Qe7 20. Qb2 Bd6 21. Qa1 f6 22. e3 Ba3 23. Rc2 Rac8 24. Qb1 Bd6 25. Rdc1 Rcd8 26. Bb6 Rd7 27. Nxe4 dxe4 28. Bh3 Be5 29. Bxd7 Qxd7 30. Rd1 Qh3 31. Rd8 Rxd8 32. Bxd8 Bc8 33. Qf1 Qd7 34. Qc1 Bb7 35. Bc7 Kh7 36. Bxe5 fxe5 37. Rc7 Qd5 38. Kg2 Ba8 39. Qc5 Qe6 40. Qf8 Qg4 41. h3 Qf3+ 42. Qxf3 exf3+ 43. Kf1 Be4 44. b4 Bf5 45. h4 Bd3+ 46. Ke1 Kg6 47. Ra7 e4 48. Rxa6+ Kh5 49. a4 bxa4 50. Rxa4 Kg4 51. Ra5 g5 52. hxg5 hxg5 53. b5 Bxb5 54. Rxb5 Kh3 55. Rxg5 Kg2 56. Rh5 Kg1 57. g4 Kg2 58. g5 Kg1 59. g6 Kg2 60. g7 Kg1 61. g8Q# 1-0

[Event "Barcelona Sant Marti op-A 24th"]
[Site "Barcelona"]
[Date "2024.07.16"]
[Round "4"]
[White "Pimpalkhare, Vedant"]
[Black "Amit, Panchal"]
[Result "1-0"]
[WhiteElo "2254"]
[BlackElo "1917"]
[PlyCount "67"]
[EventDate "2024.07.13"]
[EventType "swiss"]
[EventRounds "9"]
[EventCountry "ESP"]
[SourceTitle "CBM 221 Extra"]
[Source "ChessBase"]
[SourceDate "2024.09.30"]
[SourceVersion "1"]
[SourceVersionDate "2024.09.30"]
[SourceQuality "1"]

1. Nf3 Nf6 2. c4 d6 3. Nc3 e5 4. g3 g6 5. Bg2 Bg7 6. 0-0 0-0 7. d3 Re8 8. Rb1 a5 9. a3 Nbd7 10. Nd2 Nf8 11. b4 axb4 12. axb4 h5 13. Nde4 N8h7 14. Nxf6+ Bxf6 15. b5 h4 16. Nd5 Bg7 17. b6 cxb6 18. Nxb6 Rb8 19. Nxc8 Qxc8 20. Rb6 hxg3 21. hxg3 Rd8 22. Ba3 Bf8 23. Qb3 Qg4 24. Bf3 Qh3 25. c5 d5 26. Bxd5 Kg7 27. Bxf7 Nf6 28. Be6 Qh5 29. Rxb7+ Rxb7 30. Qxb7+ Kh8 31. Kg2 Qxe2 32. Rh1+ Nh5 33. Qf7 Bg7 34. Qxg6 1-0

[Event "Barcelona Sant Marti op-A 24th"]
[Site "Barcelona"]
[Date "2024.07.14"]
[Round "2"]
[White "Pimpalkhare, Vedant"]
[Black "Jagreet, Misra"]
[Result "1/2-1/2"]
[WhiteElo "2254"]
[BlackElo "2009"]
[PlyCount "121"]
[EventDate "2024.07.13"]
[EventType "swiss"]
[EventRounds "9"]
[EventCountry "ESP"]
[SourceTitle "CBM 221 Extra"]
[Source "ChessBase"]
[SourceDate "2024.09.30"]
[SourceVersion "1"]
[SourceVersionDate "2024.09.30"]
[SourceQuality "1"]

1. Nf3 d5 2. e3 Nf6 3. c4 e6 4. b3 c5 5. Bb2 Nc6 6. cxd5 exd5 7. d4 Be6 8. Be2 cxd4 9. Nxd4 Bb4+ 10. Bc3 Bxc3+ 11. Nxc3 Qa5 12. Qd2 Rc8 13. Nxc6 bxc6 14. 0-0 0-0 15. Rfd1 h6 16. Rac1 Rfd8 17. Na4 Qxd2 18. Rxd2 Bf5 19. Rd4 Kf8 20. f3 Ke7 21. Nc5 Nd7 22. Nb7 Re8 23. e4 Be6 24. f4 f6 25. exd5 cxd5 26. Re1 Rc7 27. Bg4 Nf8 28. Rxd5 Rxb7 29. f5 Kf7 30. fxe6+ Nxe6 31. Ra5 g6 32. Bf3 Rbe7 33. Bd5 Kf8 34. Rxe6 Rxe6 35. Bxe6 Rxe6 36. Rxa7 Re1+ 37. Kf2 Rb1 38. Kg3 Rb2 39. h4 h5 40. Ra4 Kf7 41. b4 g5 42. hxg5 fxg5 43. Ra7+ Kf6 44. Ra6+ Kf7 45. a3 h4+ 46. Kh3 Rb3+ 47. Kh2 Rb2 48. Rc6 Rb3 49. Rc2 Rxa3 50. Rb2 Ke7 51. b5 Kd7 52. b6 Kc8 53. Rb4 Kb7 54. Rg4 Ra1 55. Rb4 Ra3 56. Rg4 Ra5 57. Rb4 Ra3 58. Rb5 g4 59. Rb4 h3 60. Rxg4 hxg2 61. Rxg2 1/2-1/2

[Event "Barcelona Sant Marti op-A 24th"]
[Site "Barcelona"]
[Date "2024.07.13"]
[Round "1"]
[White "Hu, Zhening"]
[Black "Pimpalkhare, Vedant"]
[Result "1/2-1/2"]
[WhiteElo "2014"]
[BlackElo "2254"]
[PlyCount "69"]
[EventDate "2024.07.13"]
[EventType "swiss"]
[EventRounds "9"]
[EventCountry "ESP"]
[SourceTitle "CBM 221 Extra"]
[Source "ChessBase"]
[SourceDate "2024.09.30"]
[SourceVersion "1"]
[SourceVersionDate "2024.09.30"]
[SourceQuality "1"]

1. d4 e6 2. c4 f5 3. Nf3 Nf6 4. g3 g6 5. Bg2 Bg7 6. Nc3 0-0 7. 0-0 d6 8. Re1 Nc6 9. e4 fxe4 10. Nxe4 Nxe4 11. Rxe4 e5 12. dxe5 dxe5 13. Qxd8 Rxd8 14. Bg5 Rf8 15. g4 Be6 16. Rae1 h6 17. Bh4 Bf7 18. Bg3 Rad8 19. b3 Rfe8 20. Nxe5 Nxe5 21. Bxe5 Bxe5 22. Rxe5 Rxe5 23. Rxe5 Rd1+ 24. Bf1 Kf8 25. f3 Be8 26. Kf2 Bc6 27. Bg2 Kf7 28. Re1 Rxe1 29. Kxe1 Kf6 30. Kf2 Ke5 31. Ke3 g5 32. h4 b6 33. hxg5 hxg5 34. Bf1 Be8 35. Bd3 1/2-1/2

[Event "Barbera del Valles op 46th"]
[Site "Barbera del Valles"]
[Date "2024.07.12"]
[Round "9"]
[White "Berdayes Ason, Dylan Isidro"]
[Black "Pimpalkhare, Vedant"]
[Result "1-0"]
[WhiteElo "2519"]
[BlackElo "2254"]
[PlyCount "129"]
[EventDate "2024.07.04"]
[EventType "swiss"]
[EventRounds "9"]
[EventCountry "ESP"]
[SourceTitle "CBM 221 Extra"]
[Source "ChessBase"]
[SourceDate "2024.09.30"]
[SourceVersion "1"]
[SourceVersionDate "2024.09.30"]
[SourceQuality "1"]

1. d4 d5 2. c4 c6 3. Nf3 Nf6 4. e3 Bf5 5. Nc3 e6 6. Nh4 Be4 7. f3 Bg6 8. Bd2 Be7 9. Nxg6 hxg6 10. Qc2 Qc7 11. 0-0-0 dxc4 12. Bxc4 Nbd7 13. g4 Rc8 14. Bxe6 fxe6 15. Qxg6+ Kd8 16. Qxg7 Rh7 17. Qg6 Nf8 18. Qd3 Rxh2 19. g5 Nd5 20. f4 Rxh1 21. Rxh1 Nxc3 22. Bxc3 Qd7 23. Rh8 Kc7 24. Rg8 Kb8 25. Kb1 Re8 26. Qe4 Kc8 27. a3 Kd8 28. Qh1 Qd5 29. e4 Qc4 30. Rg7 Nd7 31. Qh3 Bf8 32. Rh7 Qe2 33. Qh1 Qd3+ 34. Ka1 Qg3 35. Ba5+ b6 36. Bd2 Qd3 37. Bc3 Qg3 38. e5 Kc7 39. Qh5 Re7 40. Rxe7 Bxe7 41. Qf7 Bxa3 42. f5 Qxg5 43. fxe6 Qe7 44. bxa3 Qxa3+ 45. Kb1 Qb3+ 46. Bb2 Qd1+ 47. Bc1 Qb3+ 48. Ka1 Qc3+ 49. Bb2 Qa5+ 50. Kb1 Qe1+ 51. Kc2 Qe2+ 52. Kb3 Qd3+ 53. Bc3 Qb5+ 54. Ka2 Qc4+ 55. Kb2 Qe2+ 56. Kc1 Qe3+ 57. Bd2 Qa3+ 58. Kc2 Qa2+ 59. Kd3 Qb1+ 60. Ke2 Qe4+ 61. Be3 Qc2+ 62. Kf3 Qd1+ 63. Kg3 Qe1+ 64. Bf2 Qc3+ 65. Kg2 1-0